[Event "Winnipeg TNT 2018.05"]
[Site "Winnipeg CAN"]
[Date "2018.05.15"]
[Round "3"]
[White "Gannon, Keith"]
[Black "Flynn, Darren"]
[Result "1-0"]
[WhiteElo "1552"]
[BlackElo "1368"]
[PlyCount "77"]
[EventDate "2018.05.01"]
[EventType "swiss"]
[EventRounds "5"]
[EventCountry "CAN"]

1. e4 e5 2. Nf3 Nc6 3. d4 exd4 4. Nxd4 Bd6 5. Nxc6 dxc6 6. Bc4 Nh6 7. Bxh6 gxh6
8. Nc3 Be6 9. Bxe6 fxe6 10. Qh5+ Kd7 11. e5 Qf8 12. exd6 cxd6 13. Qf3 Qg7 14.
O-O-O Raf8 15. Qe3 Qxg2 16. Rdg1 Qxf2 17. Rg7+ Kc8 18. Qxe6+ Kb8 19. Qxd6+ Ka8
20. Qxh6 Rf6 21. Qg5 h6 22. Rg8+ Rxg8 23. Qxg8+ Rf8 24. Qc4 Qe3+ 25. Kb1 Qf3
26. Rd1 b5 27. Qe4 Qf6 28. Nxb5 Rb8 29. Nd4 Rd8 30. c3 Kb7 31. Re1 Kb6 32. Qe6
Rd6 33. Qxf6 Rxf6 34. h4 h5 35. Re6 Rf1+ 36. Kc2 Rf2+ 37. Kb3 Rf7 38. Rxc6+ Kb7
39. Rh6 1-0

[Event "Winnipeg TNT 2018.05"]
[Site "Winnipeg CAN"]
[Date "2018.05.15"]
[Round "3"]
[White "Konara, Harshani"]
[Black "Boron, Anthony"]
[Result "1/2-1/2"]
[WhiteElo "1948"]
[BlackElo "2024"]
[PlyCount "40"]
[EventDate "2018.05.01"]
[EventType "swiss"]
[EventRounds "5"]
[EventCountry "CAN"]

1. c4 e5 2. Nc3 Nc6 3. g3 f5 4. d3 Bb4 5. Bd2 Nf6 6. Bg2 O-O 7. e3 Kh8 8. Nge2
d6 9. O-O a6 10. Nd5 Bxd2 11. Qxd2 Ne7 12. Nec3 c6 13. Nxe7 Qxe7 14. b4 Be6 15.
a4 d5 16. cxd5 Nxd5 17. Nxd5 Bxd5 18. Qc3 Bxg2 19. Kxg2 Qe6 20. Qc4 Qxc4
1/2-1/2

[Event "Winnipeg TNT 2018.05"]
[Site "Winnipeg CAN"]
[Date "2018.05.15"]
[Round "3"]
[White "Le Dorze, Phil"]
[Black "Klokow, John"]
[Result "1-0"]
[WhiteElo "1948"]
[BlackElo "2024"]
[PlyCount "107"]
[EventDate "2018.05.01"]
[EventType "swiss"]
[EventRounds "5"]
[EventCountry "CAN"]

1. d4 Nf6 2. c4 g6 3. Nc3 d5 4. Nf3 Bg7 5. cxd5 Nxd5 6. e4 Nxc3 7. bxc3 c5 8.
Bc4 Nc6 9. Be3 O-O 10. O-O Bd7 11. Rb1 Qc7 12. Qd2 Rad8 13. d5 Ne5 14. Be2 Bc8
15. c4 Nxf3+ 16. Bxf3 Be5 17. g3 f5 18. Bh6 Rf7 19. Bg2 f4 20. Rb3 Qd6 21. Bg5
Kg7 22. Re1 Rdf8 23. gxf4 Bxf4 24. Bxf4 Qxf4 25. Qxf4 Rxf4 26. f3 b6 27. Ra3 a6
28. Rb3 b5 29. cxb5 c4 30. Rb4 axb5 31. Rxb5 Ba6 32. Ra5 R4f6 33. e5 Rb6 34.
Rd1 Rc8 35. Bf1 Bb7 36. Kf2 c3 37. Rc1 Rb2+ 38. Ke3 Rxh2 39. d6 exd6 40. Ra7
Rc7 41. Ba6 Rb2 42. exd6 Rd7 43. Rxb7 Rdxb7 44. Bxb7 Rxb7 45. Rxc3 Kf8 46. Rc7
Rb8 47. d7 Rd8 48. Rc8 Ke7 49. Kf4 Rxd7 50. Kg5 Ke6 51. Rh8 Rd5+ 52. Kg4 Kf6
53. Rxh7 Ra5 54. Rh2 1-0

[Event "Winnipeg TNT 2018.05"]
[Site "Winnipeg CAN"]
[Date "2018.05.15"]
[Round "3"]
[White "Leaden, Bruce"]
[Black "Furda, Ievgeniia-Diana"]
[Result "1/2-1/2"]
[WhiteElo "1566"]
[BlackElo "1528"]
[PlyCount "49"]
[EventDate "2018.05.01"]
[EventType "swiss"]
[EventRounds "5"]
[EventCountry "CAN"]

1. f4 Nf6 2. Nf3 Nc6 3. g3 d6 4. Bg2 Bf5 5. d3 d5 6. O-O Qd7 7. a3 h5 8. Ne5
Nxe5 9. fxe5 Ng4 10. d4 Be6 11. Bf4 O-O-O 12. Nd2 Rg8 13. Bg5 f6 14. exf6 exf6
15. h3 fxg5 16. hxg4 Bxg4 17. Nf3 Bd6 18. Ne5 Bxe5 19. dxe5 Qe6 20. Qd4 Rge8
21. Bf3 Bxf3 22. exf3 Qxe5 23. Qxe5 Rxe5 24. Rae1 Rde8 25. Kf2 1/2-1/2

[Event "Winnipeg TNT 2018.05"]
[Site "Winnipeg CAN"]
[Date "2018.05.15"]
[Round "3"]
[White "Letain, Cory"]
[Black "Goodman, Clifford"]
[Result "1-0"]
[WhiteElo "1721"]
[BlackElo "1680"]
[PlyCount "20"]
[EventDate "2018.05.01"]
[EventType "swiss"]
[EventRounds "5"]
[EventCountry "CAN"]

1. e4 e6 2. d4 d5 3. Nc3 Nf6 4. Bg5 Be7 5. e5 Nfd7 6. Bxe7 Qxe7 7. f4 O-O 8.
Nf3 c5 9. Nb5 Na6 10. Bd3 c4 1-0

[Event "Winnipeg TNT 2018.05"]
[Site "Winnipeg CAN"]
[Date "2018.05.15"]
[Round "3"]
[White "Magyar, Peter"]
[Black "Wiebe, Isaac"]
[Result "0-1"]
[WhiteElo "1464"]
[BlackElo "2280"]
[PlyCount "88"]
[EventDate "2018.05.01"]
[EventType "swiss"]
[EventRounds "5"]
[EventCountry "CAN"]

1. d4 f5 2. Bf4 Nf6 3. e3 g6 4. Be2 Bg7 5. Nd2 O-O 6. h3 d6 7. Ngf3 Nc6 8. c3
Qe8 9. O-O e5 10. dxe5 dxe5 11. Bh2 h6 12. Rc1 Kh7 13. Bb5 Nd7 14. Kh1 e4 15.
Ng1 Be5 16. f4 Bg7 17. Ne2 Nb6 18. Ng3 a6 19. Be2 Be6 20. a3 Rd8 21. Qe1 Na5
22. Bd1 Nac4 23. Nxc4 Nxc4 24. Rf2 Qc6 25. a4 Qc5 26. Nf1 Rd7 27. Bg3 Bf6 28.
b3 Nb6 29. Re2 Qe7 30. c4 Rfd8 31. b4 Nxc4 32. Bb3 b5 33. h4 h5 34. axb5 axb5
35. Bd1 Nb2 36. Nd2 Nd3 37. Qf1 Nxc1 38. Re1 Rxd2 39. Bxh5 Nd3 40. Re2 Rxe2 41.
Qxe2 gxh5 42. Qxh5+ Kg7 43. Bh2 Nf2+ 44. Kg1 Ng4 0-1

[Event "Winnipeg TNT 2018.05"]
[Site "Winnipeg CAN"]
[Date "2018.05.15"]
[Round "3"]
[White "Marshall, Carter"]
[Black "Trueman, Francis"]
[Result "1-0"]
[WhiteElo "1493"]
[BlackElo "1414"]
[PlyCount "29"]
[EventDate "2018.05.01"]
[EventType "swiss"]
[EventRounds "5"]
[EventCountry "CAN"]

1. e4 d6 2. d4 Nd7 3. Nf3 e5 4. dxe5 dxe5 5. Bc4 g6 6. Nc3 Ngf6 7. O-O h6 8.
Be3 Bg7 9. Qd2 Ng4 10. Rad1 Nxe3 11. fxe3 c6 12. Qd6 Bf8 13. Bxf7+ Kxf7 14.
Ng5+ Kg7 15. Rf7+ 1-0

[Event "Winnipeg TNT 2018.05"]
[Site "Winnipeg CAN"]
[Date "2018.05.15"]
[Round "3"]
[White "Myrzaibraimova, Aibike"]
[Black "Marshall, Ken"]
[Result "1/2-1/2"]
[WhiteElo "1470"]
[BlackElo "1499"]
[PlyCount "99"]
[EventDate "2018.05.01"]
[EventType "swiss"]
[EventRounds "5"]
[EventCountry "CAN"]

1. e4 e5 2. Nf3 Nc6 3. Bc4 Bc5 4. c3 d6 5. d4 exd4 6. cxd4 Bb6 7. O-O Bg4 8. h3
Bh5 9. d5 Ne5 10. Be2 Qf6 11. Nxe5 Bxe2 12. Qxe2 Qxe5 13. Nc3 Nf6 14. Re1 O-O
15. Qd3 Rfe8 16. Re2 Re7 17. Bd2 Rae8 18. Rae1 a6 19. Kh1 Qh5 20. Qg3 Bd4 21.
f3 Be5 22. Bf4 h6 23. Bxe5 Rxe5 24. f4 R5e7 25. e5 dxe5 26. fxe5 Nd7 27. e6
fxe6 28. Rxe6 Qf7 29. Rxe7 Rxe7 30. Rxe7 Qxe7 31. Qxc7 b5 32. a3 g5 33. Qc8+
Kf7 34. Qxa6 Qe1+ 35. Kh2 Qe5+ 36. g3 Qe3 37. Qe6+ Qxe6 38. dxe6+ Kxe6 39. Nxb5
Ne5 40. Kg2 Kd5 41. Kf1 Kc4 42. Nc3 Kb3 43. Nd1 Kc2 44. Ke2 Nd3 45. g4 Nf4+ 46.
Ke1 Nxh3 47. a4 Nf4 48. a5 Nd5 49. Ke2 Nf4+ 50. Ke1 1/2-1/2

[Event "Winnipeg TNT 2018.05"]
[Site "Winnipeg CAN"]
[Date "2018.05.15"]
[Round "3"]
[White "Rutter, Blair"]
[Black "Babb, Jeff"]
[Result "0-1"]
[WhiteElo "1973"]
[BlackElo "2219"]
[PlyCount "136"]
[EventDate "2018.05.01"]
[EventType "swiss"]
[EventRounds "5"]
[EventCountry "CAN"]

1. c4 Nf6 2. g3 c5 3. Bg2 Nc6 4. e4 g6 5. Nc3 Bg7 6. d3 d6 7. Nge2 h5 8. h4 Bg4
9. f3 Bd7 10. Be3 Qc8 11. Qd2 Rb8 12. O-O Bh3 13. Rab1 Bxg2 14. Kxg2 a6 15. a4
Nd7 16. Nd5 b5 17. axb5 axb5 18. b3 b4 19. d4 e6 20. Ndf4 cxd4 21. Bf2 e5 22.
Nd5 Nc5 23. f4 Nxe4 24. Qd3 Nc5 25. Qd1 O-O 26. Be1 Qg4 27. Qd2 f6 28. Nc1 Ne4
29. Qd3 Nc3 30. Bxc3 bxc3 31. Rf2 Qf5 32. b4 Qxd3 33. Nxd3 e4 34. Ne1 f5 35. b5
d3 36. Nc2 dxc2 37. Rxc2 Rf7 38. Nxc3 Bxc3 39. Rxc3 Nd8 40. Rd1 Nb7 41. Kf2 Rc7
42. Ke3 Kf7 43. Kd4 Ke6 44. Ra1 Nc5 45. Rca3 Rbc8 46. Rc1 Nd7 47. Ra6 Nc5 48.
Ra3 Rd8 49. Rb1 Rb7 50. Rba1 Rc8 51. R1a2 Kd7 52. Ra7 Ne6+ 53. Kc3 Rcc7 54.
Rxb7 Rxb7 55. Kb4 Nc7 56. Rd2 Na6+ 57. Ka5 Nc5 58. Kb4 Kc7 59. Ra2 Kb6 60. Rd2
Nd3+ 61. Kc3 Kc5 62. Ra2 d5 63. cxd5 Rxb5 64. Ra6 Rb6 65. Ra2 Kd6 66. Kd4 Nb4
67. Ra7 Nxd5 68. Rg7 Rb4# 0-1

[Event "Winnipeg TNT 2018.05"]
[Site "Winnipeg CAN"]
[Date "2018.05.15"]
[Round "3"]
[White "Skop, Mike"]
[Black "Proulx, Roy"]
[Result "0-1"]
[WhiteElo "1670"]
[BlackElo "1713"]
[PlyCount "74"]
[EventDate "2018.05.01"]
[EventType "swiss"]
[EventRounds "5"]
[EventCountry "CAN"]

1. e4 e6 2. d4 d5 3. exd5 exd5 4. Bd3 Nf6 5. Ne2 Bg4 6. f3 Bh5 7. Nf4 Bg6 8.
Nxg6 hxg6 9. Qe2+ Be7 10. c3 c6 11. Bf4 Nh5 12. Bg5 Nf6 13. Nd2 Nbd7 14. Nf1
Nf8 15. g3 N8h7 16. Bd2 O-O 17. Ne3 Re8 18. O-O Bd6 19. Qg2 Qb6 20. b4 a5 21.
bxa5 Qxa5 22. Rfb1 Qc7 23. Rb2 b5 24. Nc2 Re7 25. Nb4 Rae8 26. a4 Bxb4 27. Rxb4
bxa4 28. Raxa4 Nf8 29. Ra6 c5 30. Rbb6 cxd4 31. cxd4 Ne6 32. Rc6 Qb8 33. Rcb6
Rb7 34. Rxb7 Qxb7 35. Be3 Qb4 36. Qd2 Qxd2 37. Bxd2 Nxd4 0-1

[Event "Winnipeg TNT 2018.05"]
[Site "Winnipeg CAN"]
[Date "2018.05.15"]
[Round "3"]
[White "Tarasoff, Shawn"]
[Black "Remillard, John"]
[Result "1-0"]
[WhiteElo "1400"]
[BlackElo "1596"]
[PlyCount "99"]
[EventDate "2018.05.01"]
[EventType "swiss"]
[EventRounds "5"]
[EventCountry "CAN"]

1. d4 Nf6 2. Nc3 e6 3. e4 Be7 4. Nf3 O-O 5. Bd3 c5 6. Be3 cxd4 7. Bxd4 Nc6 8.
a3 d5 9. e5 Nxd4 10. Nxd4 Nd7 11. f4 Qb6 12. Nb3 Nc5 13. Be2 Rd8 14. Qd4 Qc7
15. Nd2 Bd7 16. b4 Na4 17. Nxa4 Bxa4 18. c3 Bc2 19. Rc1 Bg6 20. Bd3 f5 21. Nf3
a5 22. O-O axb4 23. cxb4 Qd7 24. Qb6 Qe8 25. Bb5 Qf7 26. Rc7 Rxa3 27. Ng5 Bxg5
28. Rxf7 Bxf7 29. fxg5 Raa8 30. Rc1 d4 31. Rd1 d3 32. Rxd3 Ra1+ 33. Kf2 Ra2+
34. Kg3 Rxd3+ 35. Bxd3 g6 36. Qd8+ Kg7 37. Qf6+ Kf8 38. Bc4 Ra3+ 39. Kf4 Ke8
40. Bb5+ Kf8 41. Bd7 Ra6 42. b5 Ra4+ 43. Ke3 Re4+ 44. Kd3 Kg8 45. Bxe6 Bxe6 46.
Qxe6+ Kf8 47. Qc8+ Ke7 48. Qxb7+ Ke6 49. Qxe4 fxe4+ 50. Kxe4 1-0

[Event "Winnipeg TNT 2018.05"]
[Site "Winnipeg CAN"]
[Date "2018.05.22"]
[Round "4"]
[White "Babb, Jeff"]
[Black "Konara, Harshani"]
[Result "1/2-1/2"]
[WhiteElo "1470"]
[BlackElo "1499"]
[PlyCount "63"]
[EventDate "2018.05.01"]
[EventType "swiss"]
[EventRounds "5"]
[EventCountry "CAN"]

1. f4 Nf6 2. Nf3 g6 3. b3 Bg7 4. Bb2 d5 5. e3 b6 6. Ne5 Bb7 7. Bb5+ c6 8. Be2
Nbd7 9. O-O O-O 10. d3 Nc5 11. Nd2 Qc7 12. Ba3 Rad8 13. Bxc5 bxc5 14. Qc1 Nd7
15. d4 cxd4 16. exd4 Qb6 17. Ndf3 Nxe5 18. fxe5 Bxe5 19. Qd2 Bg7 20. Kh1 c5 21.
c3 Rc8 22. b4 cxb4 23. cxb4 Bc6 24. b5 Bd7 25. a4 Bf5 26. Rfc1 Be4 27. a5 Qd6
28. Rc3 Rxc3 29. Qxc3 Qf4 30. Rd1 Rb8 31. Qc5 Qe3 32. Ng1 1/2-1/2

[Event "Winnipeg TNT 2018.05"]
[Site "Winnipeg CAN"]
[Date "2018.05.22"]
[Round "4"]
[White "Boron, Anthony"]
[Black "Letain, Cory"]
[Result "1-0"]
[WhiteElo "2024"]
[BlackElo "1721"]
[PlyCount "51"]
[EventDate "2018.05.01"]
[EventType "swiss"]
[EventRounds "5"]
[EventCountry "CAN"]

1. d4 Nf6 2. Bf4 g6 3. Nd2 Bg7 4. e4 d6 5. Ngf3 O-O 6. Bd3 Nbd7 7. h3 Nh5 8.
Bh2 e5 9. dxe5 Nxe5 10. Be2 Nxf3+ 11. Bxf3 Bxb2 12. Rb1 Bd4 13. Bxh5 Bxf2+ 14.
Kxf2 Qh4+ 15. Bg3 Qxh5 16. Qxh5 gxh5 17. Rhf1 f5 18. Kg1 b6 19. e5 dxe5 20.
Bxe5 c5 21. Rb3 Be6 22. Rg3+ Kf7 23. Rg7+ Ke8 24. Rxh7 Rd8 25. Bc3 Bxa2 26.
Re1+ 1-0

[Event "Winnipeg TNT 2018.05"]
[Site "Winnipeg CAN"]
[Date "2018.05.22"]
[Round "4"]
[White "Leaden, Bruce"]
[Black "Skop, Mike"]
[Result "0-1"]
[WhiteElo "1566"]
[BlackElo "1670"]
[PlyCount "82"]
[EventDate "2018.05.01"]
[EventType "swiss"]
[EventRounds "5"]
[EventCountry "CAN"]

1. f4 f6 2. Nf3 Nh6 3. e4 c6 4. d4 Na6 5. Bc4 d5 6. exd5 cxd5 7. Be2 e6 8. O-O
Nc7 9. Nh4 Bd6 10. f5 Nxf5 11. Bh5+ g6 12. Nxg6 hxg6 13. Bxg6+ Ke7 14. Bf4 Bxf4
15. Rxf4 Qd6 16. Qd2 Nxd4 17. Qxd4 e5 18. Qe3 Be6 19. Rf2 d4 20. Qa3 Nb5 21.
Qxd6+ Nxd6 22. Nd2 Rag8 23. Bd3 f5 24. Raf1 e4 25. Bxe4 fxe4 26. Rf4 Rf8 27.
Nxe4 Nxe4 28. Rxe4 Rxf1+ 29. Kxf1 Rxh2 30. Rxd4 Rh1+ 31. Kf2 Rc1 32. Rd2 Bxa2
33. c3 Bb3 34. Re2+ Kf7 35. Kg3 Rc2 36. Rxc2 Bxc2 37. Kf4 Ke6 38. g4 Kd5 39.
Ke3 Kc4 40. Kd2 Kb3 41. Kc1 Bg6 0-1

[Event "Winnipeg TNT 2018.05"]
[Site "Winnipeg CAN"]
[Date "2018.05.22"]
[Round "4"]
[White "Marshall, Carter"]
[Black "Annakkage, Udaya"]
[Result "1-0"]
[WhiteElo "1493"]
[BlackElo "1695"]
[PlyCount "129"]
[EventDate "2018.05.01"]
[EventType "swiss"]
[EventRounds "5"]
[EventCountry "CAN"]

1. e4 Nf6 2. e5 Nd5 3. c4 Nb6 4. d4 d6 5. Nf3 Bg4 6. h3 Bh5 7. g4 Bg6 8. Bd3
Bxd3 9. Qxd3 Nc6 10. Bd2 e6 11. d5 Nxe5 12. Nxe5 dxe5 13. Nc3 Bb4 14. Qe4 exd5
15. Qxe5+ Qe7 16. Qxe7+ Kxe7 17. cxd5 Rhe8 18. O-O-O Kf8 19. Nb5 Nxd5 20. Bxb4+
Nxb4 21. a3 Na6 22. Kb1 c6 23. Nd6 Re2 24. Nxb7 Rxf2 25. Rhf1 Rxf1 26. Rxf1 Re8
27. Nd6 Re7 28. Nf5 Rd7 29. Rc1 Rc7 30. Nd4 c5 31. Nb5 Rd7 32. Kc2 g5 33. Rd1
Re7 34. Rd5 h6 35. Rd6 Re6 36. Rxe6 fxe6 37. Kc3 Ke7 38. Nxa7 Kd6 39. Nc8+ Kd7
40. Nb6+ Kc6 41. Nc4 Kd5 42. Kd3 Nc7 43. a4 Na6 44. Nb6+ Kc6 45. Nc8 Kd7 46.
Nb6+ Kc7 47. a5 Nb4+ 48. Kc4 Kc6 49. Nc8 e5 50. Ne7+ Kd6 51. Nf5+ Kc6 52. Nxh6
e4 53. Nf7 e3 54. a6 Nxa6 55. Kd3 Kd5 56. Nxg5 Nb4+ 57. Kxe3 Kc4 58. h4 Kb3 59.
h5 Kxb2 60. h6 Nd5+ 61. Ke4 Nf6+ 62. Kf5 c4 63. Ne4 Nxe4 64. h7 Nd6+ 65. Ke6
1-0

[Event "Winnipeg TNT 2018.05"]
[Site "Winnipeg CAN"]
[Date "2018.05.22"]
[Round "4"]
[White "Marshall, Ken"]
[Black "Flynn, Darren"]
[Result "1-0"]
[WhiteElo "1499"]
[BlackElo "1368"]
[PlyCount "97"]
[EventDate "2018.05.01"]
[EventType "swiss"]
[EventRounds "5"]
[EventCountry "CAN"]

1. e4 e5 2. Nf3 Nc6 3. d4 exd4 4. Nxd4 Bd6 5. Nxc6 dxc6 6. Bc4 Qe7 7. O-O Nf6
8. Nc3 O-O 9. Re1 Bb4 10. Bd2 Be6 11. Bxe6 Qxe6 12. a3 Ba5 13. b4 Bb6 14. Na4
Nxe4 15. Nxb6 cxb6 16. f3 f5 17. fxe4 fxe4 18. Rf1 e3 19. Rxf8+ Rxf8 20. Qe2
Qe5 21. Re1 Rf2 22. Qxe3 Qxe3 23. Bxe3 Rxc2 24. Rd1 c5 25. bxc5 bxc5 26. Rd8+
Kf7 27. Rd7+ Ke6 28. Rxb7 Kd5 29. Rxa7 c4 30. Kf1 Ke4 31. Re7+ Kd3 32. a4 Re2
33. a5 c3 34. a6 Rxe3 35. a7 c2 36. Rd7+ Kc3 37. Rc7+ Kd2 38. Rxc2+ Kxc2 39.
a8=Q g5 40. Qc6+ Kd3 41. Qd5+ Kc3 42. Qxg5 Kd4 43. Qh4+ Re4 44. Qxh7 Rf4+ 45.
Ke2 Ke5 46. h4 Kf6 47. Qh6+ Kf5 48. Ke3 Rg4 49. Qh5+ 1-0

[Event "Winnipeg TNT 2018.05"]
[Site "Winnipeg CAN"]
[Date "2018.05.22"]
[Round "4"]
[White "Prince, Colin"]
[Black "Magyar, Peter"]
[Result "1-0"]
[WhiteElo "1857"]
[BlackElo "1464"]
[PlyCount "51"]
[EventDate "2018.05.01"]
[EventType "swiss"]
[EventRounds "5"]
[EventCountry "CAN"]

1. e4 e6 2. d4 d5 3. e5 c5 4. c3 Nc6 5. Nf3 Be7 6. Bd3 cxd4 7. cxd4 Bb4+ 8. Nc3
Nge7 9. O-O Nf5 10. a3 Ba5 11. Bc2 a6 12. Ne2 O-O 13. Qd3 g6 14. Bg5 Qd7 15. g4
Ng7 16. Bf6 Bd8 17. Ng3 Ne8 18. g5 Ne7 19. h4 Nf5 20. h5 b5 21. Kg2 a5 22. Rh1
Nxf6 23. gxf6 Ba6 24. Qd2 Bb6 25. Nxf5 exf5 26. Qh6 1-0

[Event "Winnipeg TNT 2018.05"]
[Site "Winnipeg CAN"]
[Date "2018.05.22"]
[Round "4"]
[White "Proulx, Roy"]
[Black "Rutter, Blair"]
[Result "0-1"]
[WhiteElo "1713"]
[BlackElo "1973"]
[PlyCount "39"]
[EventDate "2018.05.01"]
[EventType "swiss"]
[EventRounds "5"]
[EventCountry "CAN"]

1. e4 e6 2. d4 d5 3. e5 c5 4. c3 Nc6 5. Nf3 Nge7 6. Bd3 Bd7 7. O-O Ng6 8. Nbd2
Be7 9. Bb1 Qb6 10. Nb3 cxd4 11. cxd4 Rc8 12. Be3 a5 13. Qd2 Bb4 14. Qd1 Be7 15.
Qd2 Nb4 16. a3 Nc6 17. Nc1 a4 18. Nd3 Na5 19. Nc1 Nc4 20. Nd3 0-1

[Event "Winnipeg TNT 2018.05"]
[Site "Winnipeg CAN"]
[Date "2018.05.22"]
[Round "4"]
[White "Trueman, Francis"]
[Black "Chen, Jehoshua"]
[Result "1-0"]
[WhiteElo "1414"]
[BlackElo "1513"]
[PlyCount "102"]
[EventDate "2018.05.01"]
[EventType "swiss"]
[EventRounds "5"]
[EventCountry "CAN"]

1. e4 e5 2. Nf3 Nc6 3. d3 Nf6 4. g3 Bc5 5. Bg2 d5 6. Nbd2 Ng4 7. O-O dxe4 8.
dxe4 f5 9. Qe2 O-O 10. Qc4+ Rf7 11. Qxc5 fxe4 12. Nxe4 Nd4 13. Nxd4 Qxd4 14.
Qxd4 exd4 15. Ng5 Re7 16. Bd5+ Kh8 17. Nf7+ Kg8 18. Nd6+ Be6 19. Bxe6+ Rxe6 20.
Nxb7 Rf8 21. Nc5 Re2 22. Bf4 Rxc2 23. Ne6 Rf7 24. Rac1 d3 25. Rxc2 dxc2 26. Nd4
Re7 27. Nxc2 Re2 28. Ne3 Nf6 29. Bxc7 Rxb2 30. a4 Ne4 31. Ba5 Ra2 32. Nd5 Rxa4
33. Nc3 Rxa5 34. Nxe4 Ra3 35. Rd1 a5 36. Rd8+ Kf7 37. Ra8 Ra1+ 38. Kg2 Ke6 39.
Nc5+ Kd5 40. Nb3 Ra3 41. Rxa5+ Rxa5 42. Nxa5 Ke4 43. Nc4 Kf5 44. Ne3+ Kf6 45.
f4 h6 46. f5 Kg5 47. h4+ Kf6 48. Kh3 h5 49. g4 g6 50. Nd5+ Kg7 51. f6+ Kf7 1-0

[Event "Winnipeg TNT 2018.05"]
[Site "Winnipeg CAN"]
[Date "2018.05.22"]
[Round "4"]
[White "Wolchock, Theo"]
[Black "Le Dorze, Phil"]
[Result "1-0"]
[WhiteElo "2016"]
[BlackElo "1822"]
[PlyCount "49"]
[EventDate "2018.05.01"]
[EventType "swiss"]
[EventRounds "5"]
[EventCountry "CAN"]

1. Nc3 d5 2. d4 g6 3. Bf4 Bg7 4. Nf3 c6 5. Qd2 Nf6 6. O-O-O Nbd7 7. h4 h5 8. e3
b5 9. Bd3 Qa5 10. Kb1 Nb6 11. Nxd5 Qxd2 12. Nc7+ Kd8 13. Rxd2 Nfd5 14. Nxa8
Nxf4 15. Nxb6 axb6 16. exf4 Kc7 17. Ne5 Be6 18. Re1 Ra8 19. b3 Bf6 20. Nxc6
Kxc6 21. Rxe6+ Kc7 22. Re1 Bxh4 23. Bxb5 e6 24. d5 Rd8 25. Red1 1-0

[Event "Winnipeg TNT 2018.05"]
[Site "Winnipeg CAN"]
[Date "2018.05.29"]
[Round "5"]
[White "Annakkage, Udaya"]
[Black "Trueman, Francis"]
[Result "1-0"]
[WhiteElo "1695"]
[BlackElo "1414"]
[PlyCount "77"]
[EventDate "2018.05.01"]
[EventType "swiss"]
[EventRounds "5"]
[EventCountry "CAN"]

1. e4 d6 2. d4 Nf6 3. Nc3 g6 4. Bc4 Bg7 5. Nf3 O-O 6. O-O Re8 7. h3 c6 8. Bb3
Qc7 9. Re1 e5 10. d5 Nbd7 11. Be3 Nf8 12. Qd2 h5 13. Ng5 N8h7 14. Rad1 Nxg5 15.
Bxg5 Nh7 16. Bh4 c5 17. Bc4 a6 18. a4 f6 19. Be2 Qf7 20. Rf1 g5 21. Bg3 Qg6 22.
Rb1 g4 23. Qd1 h4 24. Bxh4 gxh3 25. Bg3 hxg2 26. Kxg2 Ng5 27. Rh1 Nh3 28. Rxh3
Bxh3+ 29. Kxh3 Qh7+ 30. Kg2 Re7 31. Bg4 Kf8 32. Qf3 Ke8 33. Rh1 Qg8 34. Be6 Qf8
35. Nd1 Kd8 36. Ne3 Kc7 37. b4 cxb4 38. Nf5 Ree8 39. Rh7 1-0

[Event "Winnipeg TNT 2018.05"]
[Site "Winnipeg CAN"]
[Date "2018.05.29"]
[Round "5"]
[White "Babb, Jeff"]
[Black "Baron, Gustav"]
[Result "1/2-1/2"]
[WhiteElo "2219"]
[BlackElo "2235"]
[PlyCount "46"]
[EventDate "2018.05.01"]
[EventType "swiss"]
[EventRounds "5"]
[EventCountry "CAN"]

1. f4 g6 2. Nf3 Bg7 3. e3 c5 4. Be2 Nc6 5. O-O d6 6. c4 Nf6 7. Nc3 O-O 8. a3
Rb8 9. Rb1 a5 10. b3 e6 11. Bb2 d5 12. Nb5 Qe7 13. Ne5 Rd8 14. Bf3 Bd7 15. Kh1
Be8 16. Qc2 Rbc8 17. Rbc1 b6 18. d3 Nxe5 19. fxe5 Nd7 20. Na7 Rc7 21. Nb5 Rcc8
22. Na7 Rc7 23. Nb5 Rcc8 1/2-1/2

[Event "Winnipeg TNT 2018.05"]
[Site "Winnipeg CAN"]
[Date "2018.05.29"]
[Round "5"]
[White "Chen, Jehoshua"]
[Black "Mandusic, Ante"]
[Result "0-1"]
[WhiteElo "1513"]
[BlackElo "1183"]
[PlyCount "76"]
[EventDate "2018.05.01"]
[EventType "swiss"]
[EventRounds "5"]
[EventCountry "CAN"]

1. e4 e5 2. f4 d6 3. d4 Nd7 4. Nf3 c5 5. dxe5 dxe5 6. fxe5 Be7 7. Bc4 Qc7 8.
Qd5 Kd8 9. Qxf7 Nxe5 10. Qxg7 Bh4+ 11. g3 Qxg7 12. Nxe5 Qxe5 13. gxh4 Qxe4+ 14.
Be2 Qxh1+ 15. Bf1 Bf5 16. Bg5+ Ne7 17. Nc3 Rf8 18. O-O-O+ Bd7 19. Bb5 Qxd1+ 20.
Kxd1 Bxb5 21. Nd5 Rf1+ 22. Kd2 Rf7 23. Bxe7+ Rxe7 24. Nxe7 Kxe7 25. Ke3 Rg8 26.
Kf4 Rg2 27. b3 Rxh2 28. Kg5 Rxc2 29. h5 Rxa2 30. Kh6 Bd3 31. b4 c4 32. b5 c3
33. b6 c2 34. Kg7 c1=Q 35. bxa7 Qg5+ 36. Kh8 Qxh5 37. Kg7 Rg2+ 38. Kh8 Qe8# 0-1

[Event "Winnipeg TNT 2018.05"]
[Site "Winnipeg CAN"]
[Date "2018.05.29"]
[Round "5"]
[White "Flynn, Darren"]
[Black "Goodman, Clifford"]
[Result "1/2-1/2"]
[WhiteElo "1368"]
[BlackElo "1680"]
[PlyCount "38"]
[EventDate "2018.05.01"]
[EventType "swiss"]
[EventRounds "5"]
[EventCountry "CAN"]

1. e4 c5 2. f4 g6 3. Nf3 Nc6 4. Nc3 Bg7 5. d3 d6 6. Be3 Nf6 7. d4 cxd4 8. Nxd4
O-O 9. Qd3 Nb4 10. Qd2 Ng4 11. O-O-O Nxe3 12. Qxe3 a6 13. a3 Nc6 14. Nxc6 bxc6
15. e5 d5 16. Na4 Rb8 17. Nc5 Qb6 18. Qb3 Qxb3 19. Nxb3 Bg4 1/2-1/2

[Event "Winnipeg TNT 2018.05"]
[Site "Winnipeg CAN"]
[Date "2018.05.29"]
[Round "5"]
[White "Furda, Ievgeniia-Diana"]
[Black "Remillard, John"]
[Result "0-1"]
[WhiteElo "1530"]
[BlackElo "1596"]
[PlyCount "98"]
[EventDate "2018.05.01"]
[EventType "swiss"]
[EventRounds "5"]
[EventCountry "CAN"]

1. e4 g6 2. d4 Bg7 3. Nf3 d5 4. Nc3 dxe4 5. Nxe4 Bg4 6. c3 Nf6 7. Ned2 O-O 8.
h3 Bf5 9. Nc4 Nbd7 10. Bf4 Nd5 11. Bd2 c6 12. g4 Be4 13. Qe2 f5 14. O-O-O b5
15. Ne3 fxg4 16. Nxg4 Bxf3 17. Qe6+ Kh8 18. Rg1 Bxg4 19. hxg4 Rf6 20. Qe4 Nf8
21. Qg2 Qd6 22. Bg5 Re6 23. Bd3 Nf4 24. Bxf4 Qxf4+ 25. Kb1 b4 26. cxb4 Qxd4 27.
f3 Qxb4 28. Qc2 Rb8 29. Rg2 Re1 30. Rxe1 Qxe1+ 31. Qc1 Qxc1+ 32. Kxc1 Bd4 33.
b3 e5 34. Re2 Ne6 35. Re1 Nf4 36. Be4 Kg7 37. Kc2 c5 38. Rb1 a5 39. Kd2 h5 40.
gxh5 gxh5 41. Rh1 a4 42. Bc2 axb3 43. axb3 Ra8 44. Rb1 Ra1 45. Rxa1 Bxa1 46.
Ke1 h4 47. Kf2 Bd4+ 48. Kf1 Kf6 49. Ke1 h3 0-1

[Event "Winnipeg TNT 2018.05"]
[Site "Winnipeg CAN"]
[Date "2018.05.29"]
[Round "5"]
[White "Gannon, Keith"]
[Black "Marshall, Ken"]
[Result "1/2-1/2"]
[WhiteElo "1552"]
[BlackElo "1499"]
[PlyCount "174"]
[EventDate "2018.05.01"]
[EventType "swiss"]
[EventRounds "5"]
[EventCountry "CAN"]

1. e4 e5 2. Nf3 Nc6 3. d4 exd4 4. Nxd4 Qf6 5. Nxc6 Qxc6 6. Bd3 Nf6 7. Qe2 Bc5
8. O-O O-O 9. Nc3 d6 10. Be3 Bd7 11. Bb5 Qb6 12. Bxc5 Qxc5 13. Bxd7 Nxd7 14.
Rfe1 Rfe8 15. Qd3 Ne5 16. Qd5 Qxd5 17. Nxd5 Rac8 18. b3 c6 19. Ne3 g6 20. Rad1
Rcd8 21. f4 Nd7 22. Ng4 d5 23. exd5 Rxe1+ 24. Rxe1 cxd5 25. g3 Rc8 26. Re2 Kg7
27. Rd2 Nb6 28. Ne3 Rd8 29. c4 d4 30. Nc2 d3 31. Ne1 h5 32. Nxd3 Nc8 33. Kf2
Ne7 34. Ke2 Nf5 35. Nc5 Nd4+ 36. Kf2 b6 37. Na4 Kf6 38. Nc3 Kf5 39. Ne2 Ne6 40.
Rxd8 Nxd8 41. Nd4+ Kf6 42. Nb5 Nc6 43. h3 Kf5 44. Ke3 f6 45. Nd6+ Ke6 46. Nb5
f5 47. Nc7+ Kd6 48. Nd5 Ke6 49. h4 Kd6 50. b4 b5 51. Kd3 a6 52. a3 bxc4+ 53.
Kxc4 Na7 54. a4 Kc6 55. Ne7+ Kb6 56. Nxg6 Nc8 57. a5+ Kc6 58. Ne5+ Kc7 59. Kc5
Nd6 60. Kd5 Ne4 61. Nc4 Nxg3 62. Ne3 Ne2 63. Nxf5 Nxf4+ 64. Kc5 Nd3+ 65. Kc4
Ne5+ 66. Kd5 Nc6 67. Kc5 Ne5 68. Ng3 Nf3 69. Nxh5 Nxh4 70. Nf6 Nf5 71. Nd5+ Kb7
72. Nb6 Ne7 73. Nc4 Nc6 74. Nd6+ Kc7 75. Ne8+ Kb7 76. Ng7 Kc7 77. Nf5 Kb7 78.
Nd4 Nxd4 79. Kxd4 Kc6 80. Kc4 Kb7 81. Kc5 Kc7 82. Kd5 Kd7 83. Kc5 Kc7 84. b5
axb5 85. a6 b4 86. a7 Kb7 87. Kxb4 Kxa7 1/2-1/2